| 000 | 01283cam a22003857a 4500 | ||
|---|---|---|---|
| 001 | 16342488 | ||
| 003 | OSt | ||
| 005 | 20240215123249.0 | ||
| 008 | 100721r20092001enka 001 0 eng d | ||
| 010 | _a 2010281324 | ||
| 015 |
_a09,N08,1484 _2dnb |
||
| 020 | _a9780714849683 | ||
| 020 | _a0714849685 | ||
| 028 | 5 | 2 | _a4968 |
| 035 | _a(OCoLC)ocn308158747 | ||
| 040 |
_aYDXCP _cYDXCP _dBTCTA _dBWK _dNGA _dCDX _dU3G _dBWX _dUAB _dMOF _dDEBBG _dDLC |
||
| 042 | _alccopycat | ||
| 050 | 0 | 0 |
_aNA7110 _b.H685 2009 |
| 082 | 0 | 0 |
_a728.0904 _222 _bMOD |
| 084 |
_a720 _2sdnb |
||
| 084 |
_aZH 5100 _2rvk |
||
| 245 | 0 | 4 | _aThe Modernist house. |
| 250 | _aAbridged, rev. and updated ed. | ||
| 260 |
_aLondon ; _aNew York: _bPhaidon, _c2009. |
||
| 300 |
_a111 p. : _bill. (chiefly col.) ; _c30 cm. |
||
| 500 | _a"First published as 'The House Book' 2001" --Colophon. | ||
| 500 | _aIncludes index. | ||
| 650 | 0 |
_aModern movement (Architecture) _927123 |
|
| 650 | 0 |
_aInternational style (Architecture) _931912 |
|
| 650 | 0 |
_aArchitecture, Modern _y20th century. _99192 |
|
| 650 | 0 |
_aDwellings. _99193 |
|
| 906 |
_a7 _bcbc _ccopycat _d2 _encip _f20 _gy-gencatlg |
||
| 942 |
_2ddc _cBK _aSADA _k728.0904 MOD 2009 |
||
| 999 |
_c607771 _d607771 |
||